000 01868aam a2200361 i 4500
001 24126136
003 MaObMVR
005 20260407141216.0
008 250325s2026 nyua c 6 000 0aeng
010 _a 2025934878
020 _a9781250774316
_q(trade paperback)
020 _a9781250774309
_q(hardcover)
035 _a(OCoLC)1501820152
040 _aDLC
_beng
_erda
_cDLC
_dTnLvILS
042 _apcc
100 1 _aBermudez, Alyssa,
_eauthor,
_eillustrator.
_955647
245 1 0 _aRun home /
_cAlyssa Bermudez.
250 _aFirst edition.
300 _a304 pages :
_bchiefly color illustrations ;
_c21 cm.
500 _a"A graphic memoir"--Cover.
520 _a"It's 2002, and 14-year-old Alyssa is a freshman at a new high school where she knows NO ONE and the uniforms are hideous! What a disaster... Even worse? Her parents are forcing her to join the cross-country team. No one needs to run, or sweat, this much! Over time though, Alyssa actually starts to like running. She's getting better with practice, and some of the girls on the team are really nice. Alyssa begins to find a steady rhythm with high school, cross country, and her new stepfamily. But Alyssa's dad is sick, and she doesn't know what to do. When the worst thing imaginable happens, Alyssa will need to count on her friends, family, and herself to keep running forward"--
600 1 0 _aBermudez, Alyssa
_xChildhood and youth.
_955648
650 0 _aIllustrators
_zUnited States
_vBiography.
_917310
650 0 _aHigh school students
_zUnited States
_vBiography.
_955649
650 0 _aCross-country running
_vFiction.
_955650
650 0 _aStepfamilies
_vFiction.
650 0 _aSick parents
_vFiction.
_955651
655 7 _aGraphic novels.
_2lcgft.
655 7 _aAutobiographical fiction.
_2lcgft.
655 7 _aDiaries.
_2lcgft.
_955652
907 _a.b514928359
942 _2ddc
_cBK
999 _c129592
_d129592